MARC

LEADER 00000nam0a2200000 4500
001 319429
005 20231102003159.0
020 |a RU  |b 81-3515 
035 |a (RuTPU)RU\TPU\book\344938 
090 |a 319429 
100 |a 20160531d1981 km y0rusy5003 ca 
101 0 |a rus 
102 |a RU 
105 |a a z 001zy 
200 1 |a Производство труб на агрегатах с трехвалковым раскатным станом  |f В. М. Барабашкин, И. К. Тартаковский 
210 |a Москва  |c Металлургия  |d 1981 
215 |a 147 с.  |c ил.  |d 22 см. 
320 |a Библиогр.: с. 145-147 
606 1 |a Трубопрокатное производство  |x Организация  |2 stltpush  |3 (RuTPU)RU\TPU\subj\61862  |9 79025 
610 1 |a трубы 
610 1 |a прокатка 
610 1 |a трубопрокатные агрегаты 
610 1 |a производительность 
610 1 |a трехвалковые раскатные станы 
610 1 |a оборудование 
610 1 |a технологические процессы 
610 1 |a управление 
610 1 |a вычислительные машины 
610 1 |a применение 
675 |a 621.774.35  |z rus  |v 4 
700 1 |a Барабашкин  |b В. П.  |g Владимир Павлович 
701 1 |a Тартаковский  |b И. К.  |g Игорь Константинович 
801 0 |a RU  |b RuMRKP  |c 19950704  |g psbo 
801 1 |a RU  |b 63413507  |c 20160531 
801 2 |a RU  |b 63413507  |c 20200713  |g RCR 
942 |c BK